| Tag |
First Indicator |
Second Indicator |
Subfields |
| LEADER |
00000cam a2200000 4500 |
| 001 |
in00000034846 |
| 005 |
20151007063422.0 |
| 008 |
720727c19641963nyua b 00000 eng u |
| 010 |
|
|
|a 64011200
|
| 035 |
|
|
|a (OCoLC)00367288
|
| 035 |
|
|
|9 AAD7360AM
|
| 040 |
|
|
|c WSU
|d TXA
|d UtOrBLW
|
| 049 |
|
|
|a TXAM
|c [369248]
|
| 050 |
0 |
0 |
|a PR6029.C33
|b Z6
|
| 092 |
|
|
|a 822
|b O15Yc
|
| 100 |
1 |
|
|a Cowasjee, Saros.
|
| 245 |
1 |
0 |
|a Sean O'Casey ;
|b the man behind the plays.
|
| 264 |
|
1 |
|a New York :
|b St. Martin's Press,
|c 1964
|
| 264 |
|
4 |
|c [©1963]
|
| 300 |
|
|
|a xv, 266 pages :
|b illustrations ;
|c 23 cm.
|
| 336 |
|
|
|a text
|b txt
|2 rdacontent
|
| 337 |
|
|
|a unmediated
|b n
|2 rdamedia
|
| 338 |
|
|
|a volume
|b nc
|2 rdacarrier
|
| 490 |
0 |
|
|a Biography and criticism, 2
|
| 504 |
|
|
|a Bibliography: pages 256-261.
|
| 600 |
1 |
0 |
|a O'Casey, Sean,
|d 1880-1964.
|
| 999 |
|
|
|a MARS
|
| 999 |
f |
f |
|s 1007c7c0-d82e-3698-a0a0-3e704ad9ef47
|i 1dfc2ac3-17e2-3637-91ea-187417368532
|t 0
|
| 952 |
f |
f |
|p ric
|a Texas A&M University
|b Rellis Campus
|c Joint Library Facility
|d Remote Storage
|t 0
|e PR6029.C33 Z6
|h Library of Congress classification
|i unmediated -- volume
|m A14801299007
|
| 998 |
f |
f |
|a PR6029.C33 Z6
|t 0
|l Remote Storage
|